| 000 | 00431 a2200169 4500 | ||
|---|---|---|---|
| 003 | OSt | ||
| 005 | 20180116182702.0 | ||
| 008 | 160519b xxu||||| |||| 00| 0 eng d | ||
| 020 | _a0 | ||
| 040 | _c0 | ||
| 082 | _a954.9 HUS 2008 | ||
| 100 | _aBrig (R) Mumtaz Hussian | ||
| 245 |
_aLet us Have Mercy on Pakistan _cBrig (R) Mumtaz Hussian |
||
| 260 |
_aPakistan _c2008 |
||
| 300 |
_a335 p. _bHB |
||
| 942 |
_aNBS _cBK _k954.9 HUS _2ddc |
||
| 999 |
_c344063 _d344063 |
||